Pixar's "The Incredibles" Quiz - Statistics

General Stats
  • This quiz has been taken 204 times
    191 since last reset
  • The average score is 15 of 20
Answer Stats
Hint Answer % Correct
Parr family's baby Jack-Jack
96%
Parr family's daughter Violet
96%
Parr family's father Bob
95%
Parr family's son Dash
95%
The father's superhero name Mr. Incredible
94%
She designs suits for supers Edna Mode
91%
Superhero voiced by Sam Jackson Frozone
91%
Parr family's mother Helen
91%
Main villain in The Incredibles Syndrome
90%
The mother's superhero name Elastigirl
89%
Quotes Where - is - my - {super} {suit}?!
83%
Sweet treat the baby loves Cookie
66%
Robot with adaptive intelligence created by the villain {Omni}droid
59%
Quotes Why would they change {math}? {Math} is {math}.
58%
The villain's alias Screenslaver
51%
Creator and director of the movies Brad Bird
47%
Quotes And when everyone's super... {No} {one} {will} {be}.
46%
The Incredibles was the second Pixar movie to win the Best Animated Feature Oscar. Which was the first one? FindingNemo
45%
City in which the Incredibles live {Metro}ville
41%
Twist villain in Incredibles 2 that basically everyone saw coming Evelyn Deavour
36%
No matching quizzes found
Score Distribution
Percent of People with Each Score
Percentile by Number Answered
Your Score History
You have not taken this quiz since the last reset